000
00245nam a2200109Ia 4500
008
190216s9999||||xx |||||||||||||| ||und||
100
_a
Paul M P
245
0
_a
Cherukathaprasthanam
260
_b
Nbs Kottayam
650
_a
Niroopanam
942
_c
BK
999
_c
24355
_d
24355